As maiores cidades da Europa (por população) - Statistics

Estatísticas Gerais
  • Esse quiz foi jogado 213 vezes
  • A pontuação média é 38 de 101
Estatísticas das Respostas
# País Cidades População % Correto
2 Reino Unido Londres 8 173 194
100%
1 Rússia Moscou 11 977 988
100%
4 Alemanha Berlim 3 531 201
98%
5 Espanha Madri 3 233 527
98%
6 Ucrânia Kiev 2 847 200
97%
7 Itália Roma 2 796 102
97%
8 França Paris 2 243 833
95%
16 Espanha Barcelona 1 620 943
94%
13 Áustria Viena 1 731 236
90%
14 Polônia Varsóvia 1 711 324
88%
21 Itália Milão 1 350 267
85%
27 Bélgica Bruxelas 1 161 734
84%
30 Irlanda Dublin 1 110 627
84%
12 Hungria Budapeste 1 740 041
83%
20 Suécia Estocolmo 1 372 565
83%
23 República Tcheca Praga 1 262 106
83%
52 Grécia Atenas 745 514
82%
19 Alemanha Munique 1 378 176
82%
9 Romênia Bucareste 2 192 372
81%
25 Dinamarca Copenhague 1 213 822
78%
99 Reino Unido Manchester 503 127
78%
3 Rússia São Petersburgo 5 028 313
78%
10 Bielorrússia Minsk 1 902 500
74%
22 Bulgária Sofia 1 291 591
74%
15 Sérvia Belgrado 1 659 440
72%
65 Noruega Oslo 634 463
72%
46 Alemanha Amsterdã 810 909
69%
87 Portugal Lisboa 547 631
68%
59 Alemanha Frankfurt 691 518
67%
48 Croácia Zagreb 792 875
61%
11 Alemanha Hamburgo 1 812 709
59%
101 França Lyon 500 714
57%
41 Itália Nápoles 1 000 510
57%
47 Espanha Valência 797 028
56%
43 França Marselha 850 726
55%
42 Itália Turim 911 823
54%
77 Alemanha Dortmund 580 956
49%
36 Alemanha Colônia 1 017 155
44%
68 Albânia Tirana 622 190
44%
57 Letônia Riga 706 413
43%
32 Reino Unido Birmingham 1 092 330
41%
50 Pôlonia Cracóvia 759 131
38%
74 Reino Unido Glasgow 598 830
35%
69 Holanda Roterdã 618 467
35%
58 Espanha Sevilha 702 355
35%
88 Lituânia Vilnius 539 939
34%
62 Macedônia do Norte Escópia/Skopje 668 518
30%
63 Moldávia Chisinau 667 600
28%
73 Alemanha Dusseldorf 601 900
23%
76 Itália Gênova 583 615
23%
51 Reino Unido Leeds 751 485
23%
81 Alemanha Leipzig 556 100
23%
28 Rússia Cazã/Kazan 1 161 308
22%
64 Itália Palermo 655 585
22%
37 Ucrânia Odessa 1 029 049
21%
86 Alemanha Bremen 547 900
20%
54 Ucrânia Lviv 732 818
20%
71 Alemanha Stuttgart 611 100
20%
18 Rússia Ecaterimburgo 1 424 702
18%
72 Finlândia Helsinque/Helsinki 604 380
17%
26 Rússia Samara 1 198 000
16%
31 Rússia Rostov 1 099 500
15%
84 Suécia Gotemburgo 549 839
14%
90 Alemanha Hanover 526 300
13%
80 Espanha Málaga 567 433
13%
35 Rússia Volgogrado 1 018 739
13%
34 Ucrânia Dnipro 1 065 008
12%
89 Alemanha Dresden 533 300
11%
17 Ucrânia Carcóvia 1 470 902
9%
53 Rússia Krasnodar 744 995
8%
82 Reino Unido Sheffield 552 698
8%
33 Rússia Ufa 1 086 000
8%
60 Espanha Saragoça 679 624
7%
39 Rússia Voronezh/Voronej 1 003 725
7%
24 Rússia Nijni Novgorod 1 254 592
6%
49 Grécia Salônica 790 824
6%
44 Rússia Saratov 840 000
6%
55 Polônia Lodz 722 022
5%
40 Rússia Perm 1 000 672
5%
83 Polônia Poznan 552 393
5%
78 Alemanha Essen 578 800
4%
96 Alemanha Duisburg 513 400
3%
100 Rússia Tula 501 169
3%
29 Rússia Cheliabinsk 1 130 132
2%
38 Ucrânia Donotsk 1 016 194
2%
95 Ucrânia Mykolaiv 514 136
2%
85 Rússia Oremburgo 548 331
2%
56 Rússia Togliatti 719 514
2%
93 Rússia Astracã 520 339
1%
92 Reino Unido Bradford 522 452
1%
67 Rússia Ijevsk/Izhevsk 627 734
1%
61 Ucrânia Kryvy Rih 668 980
1%
98 Rússia Lipetsk 508 887
1%
79 Rússia Makhachkala 572 076
1%
94 Rússia Penza 517 511
1%
91 Rússia Ryazan 524 927
1%
70 Rússia Ulyanovsk 614 786
1%
75 Rússia Yaroslavi 591 486
1%
45 Ucrânia Zaporizhia 818 256
1%
66 Polônia Breslávia 631 377
0%
97 Rússia Naberejnye Chelny 513 193
0%
Nenhum quiz correspondente encontrado
Distribuição das Pontuações
Porcentagem de Pessoas com Cada Pontuação
Percentil de Números Respondidos
Sua Pontuação Histórica
Você não jogou esse quiz